000 00507nam a2200181Ia 4500
999 _c33264
_d33264
003 OSt
005 20200825111051.0
008 190216s9999||||xx |||||||||||||| ||und||
040 _coclc
082 _a530.15
_bRAJ/M
100 _aRajput, B S
_94320
245 0 _aMathematical Physics /
_cB S Rajput ; Yog Prakash
250 _a9th Ed.
260 _bPragathi Prakashan,
_c1989.
_aMeerut:
300 _a1446p
650 _aPhysics
942 _cBK
_2ddc
_h530.15
_iRAJ/M
_k530.15
_mRAJ/M